| 000 | 00485nam a2200193Ia 4500 | ||
|---|---|---|---|
| 008 | 220531s9999 xx 000 0 und d | ||
| 041 | _aeng | ||
| 082 | _bPAN | ||
| 100 |
_aPandey, P. _969745 |
||
| 245 | _aFeminist Concerns In The Fiction Of Shobha De | ||
| 250 | _a1ST | ||
| 260 |
_aNew Delhi _bSarup _c2014 |
||
| 300 | _a184 | ||
| 542 | _d10-04-2015 | ||
| 551 |
_aEnglish _bNon-grant-ENG |
||
| 650 |
_aEnglish _969746 |
||
| 906 |
_d2015-2016 _f7322 |
||
| 999 |
_c39104 _d39104 |
||